| 000 | 01089nam a22002297a 4500 | ||
|---|---|---|---|
| 005 | 20110218150338.0 | ||
| 008 | 110218t xxu||||| |||| 00| 0 mar d | ||
| 010 | _aMAR-20604 | ||
| 020 |
_a81861521024 _c120.00 |
||
| 035 | _aMR-13262 | ||
| 037 | _bDBAD / PUB | ||
| 040 |
_aDPL _bMR |
||
| 082 | _a133.5869 | ||
| 100 |
_aपिंगळे,भगवान धर्मा _926086 |
||
| 245 |
_aसर्वसामान्यांसाठी वास्तुशास्त्र / _cभगवान धर्मा पिंगळे |
||
| 246 |
_aSarvsamanayasathi Vastushastra _bby Bhagwan Dharma Pingle |
||
| 260 |
_aपुणे _bसुविद्या प्रकाशन _c2010 |
||
| 270 |
_a149,शनिवार पेठ _bपुणे _e411030 |
||
| 300 |
_a136पृ. _b21सेमी(अजिल्द) |
||
| 942 |
_2ddc _cMR _h133.5869 _mपिंगळे |
||
| 999 |
_c50687 _d50687 |
||